000
00308nam a2200121Ia 4500
008
170620s9999 xx 000 0 und d
100
_a
BHISE S B
245
0
_a
ANATOMY PHYSIOLOGY & HEALTH EDUCATION
260
_b
NIRALI PUNE
260
_c
2006
300
_a
223
546
_a
English
690
_a
ANATOMY PHYSIOLOGY & HEALTH EDUCATION
999
_c
30948
_d
30948